<?xml version="1.0" encoding="UTF-8"?>
<marc:record xmlns:marc="http://www.loc.gov/MARC21/slim">
   <marc:leader>00000nam a2200000 a 4500</marc:leader>
   <marc:datafield ind1="1" ind2=" " tag="100">
      <marc:subfield code="a">Hirschler, Herbert</marc:subfield>
      <marc:subfield code="4">aut</marc:subfield>
      <marc:subfield code="e">Verfasser/-in</marc:subfield>
   </marc:datafield>
   <marc:datafield ind1="0" ind2="0" tag="245">
      <marc:subfield code="a">Luftgitarrengott</marc:subfield>
   </marc:datafield>
   <marc:datafield ind1="0" ind2="0" tag="245">
      <marc:subfield code="b">Roman</marc:subfield>
   </marc:datafield>
   <marc:datafield ind1="0" ind2="0" tag="245">
      <marc:subfield code="c">Herbert Hirschler</marc:subfield>
   </marc:datafield>
   <marc:datafield ind1=" " ind2="1" tag="264">
      <marc:subfield code="a">Graz</marc:subfield>
      <marc:subfield code="b">Leykam</marc:subfield>
      <marc:subfield code="c">2021</marc:subfield>
   </marc:datafield>
   <marc:datafield ind1="1" ind2=" " tag="520">
      <marc:subfield code="a">Egal was Bastian Berger auch probiert, als Luftgitarrengott in Charlys heruntergekommener Kneipe, als Ghostwriter für den biestigen Superstar Lucy Hill oder als Juror einer kultigen Grufti-Kids-Castingshow &#x96; seine Versuche, doch noch selbst als Rockmusiker die Bühnen der Welt zu erobern, enden regelmäßig in mittelschweren Katastrophen. Bastian läuft die Zeit davon, doch plötzlich scheint sich das Blatt zu wenden, denn er lernt unerwartet den hippen Gangsta-Rapper Ice-Man kennen. Aber was will der nur mit »Weiße Rosen aus Athen«?</marc:subfield>
   </marc:datafield>
   <marc:datafield ind1=" " ind2=" " tag="020">
      <marc:subfield code="a">9783701181841</marc:subfield>
      <marc:subfield code="9">9783701181841</marc:subfield>
   </marc:datafield>
   <marc:datafield ind1=" " ind2=" " tag="020">
      <marc:subfield code="a">3701181845</marc:subfield>
      <marc:subfield code="9">3701181845</marc:subfield>
   </marc:datafield>
   <marc:datafield ind1=" " ind2=" " tag="300">
      <marc:subfield code="a">384 Seiten</marc:subfield>
   </marc:datafield>
</marc:record>
